Normas y metodología para el diseño de redes de cableado estructurado

Kaydedildi:
Detaylı Bibliyografya
Yazar: Halabi García, Mayid
Diğer Yazarlar: Salazar Viales, Randall
Materyal Türü: Kitap
Baskı/Yayın Bilgisi: San José, C.R 2000
Konular:
Etiketler: Etiketle
Etiket eklenmemiş, İlk siz ekleyin!

MARC

LEADER 00000nam a2200000Ia 4500
003 010194
005 20221231144205.0
008 140114s2000 cr a m 000 ||s d
040 |c cru CEDI 
090 |a TFG 4214 
100 |a Halabi García, Mayid   |9 7969 
245 |a Normas y metodología para el diseño de redes de cableado estructurado  
260 |c 2000  |a  San José, C.R 
300 |a xi, 48 hojas  
500 |a  Proyecto de graduación (bachiller en ingeniería eléctrica)--Universidad de Costa Rica. Facultad de Ingeniería. Escuela de Ingeniería Eléctrica 
650 |x SISTEMAS DE TRANSMISION DE DATOS   |x CABLES DE TELECOMUNICACION   |x REDES DE AREA LOCAL (COMPUTADORAS)   |x REDES DE INFORMACION  |9 7970 
700 |9 7128  |a Salazar Viales, Randall  
942 |c TFG 
999 |c 18201  |d 18201